000 00489nam a22001817a 4500
999 _c32251
_d32251
008 260109b ||||| |||| 00| 0 eng d
020 _a978-0-07-069967-0
041 0 _aeng
082 0 0 _a621.3104
_bK872
100 _99
_aKothari, D. P.
245 1 0 _aElectric machines /
_cBy D.P. Kothari, and I.J. Nagrath
250 _a4th ed.
260 _aNew Delhi:
_bTata McGraw Hill,
_c2012.
300 _a914 p.
650 0 _aElectric Machinery
700 _92257
_aNagrath, I. J.
942 _cBK